Surnoms des clubs de Premier League (2026-2027) - Statistiques

Statistiques générales
  • Ce quiz a été pris 64 fois
  • Le résultat moyen est 9 sur 20
Statistiques - réponses
Équipe Surnom % Correct
Arsenal the Gunners
93%
Chelsea the Blues
91%
Manchester United the Red Devils
84%
Liverpool the Reds
84%
Tottenham the Spurs
70%
Coventry the Sky Blues
59%
Manchester City the Citizens
55%
Aston Villa the Villans
55%
Newcastle the Magpies
43%
Everton the Toffees
41%
Brentford the Bees
39%
Hull City the Tigers
32%
Sunderland the Black Cats
30%
Bournemouth the Cherries
30%
Crystal Palace the Eagles
30%
Brighton the Seagulls
25%
Fulham the Cottagers
21%
Nottingham Forest Forest
7%
Leeds United the Peacocks
5%
Ipswich the Tractor Boys
0%
Aucun quiz correspondant
Distribution des résultats
% des personnes avec chaque résultat
Percentile par nombre de réponses
Votre historique - résultats
Vous n’avez pas pris ce quiz